| 000 | 00700nam a2200253 i 4500 | ||
|---|---|---|---|
| 001 | C2-0111732 | ||
| 003 | PPAK | ||
| 005 | 20180727103534.0 | ||
| 008 | 970628s1994 my a|||| ||||| | may d | ||
| 020 | _a9679071782 | ||
| 040 |
_aPPAK _beng _cPPAK _erda |
||
| 082 | 0 | 4 |
_a297.2 _223 |
| 090 | 0 | 0 |
_a297.2 _bNOR _dK |
| 100 | 0 |
_aNorziah, _eauthor |
|
| 245 | 1 | 0 | _aBenda - benda yang dijadikan oleh Allah |
| 264 | 1 |
_aKuala Lumpur : _bTaha , _c1994 |
|
| 300 |
_a24 pages : _bcolour illustrations ; _c21 cm |
||
| 336 |
_2rdacontent _atext |
||
| 337 |
_2rdamedia _aunmediated |
||
| 338 |
_2rdacarrier _avolume |
||
| 500 | _aTeks dalam tulisan jawi | ||
| 650 | 1 | 0 | _aIslamic stories, Malay |
| 942 |
_ddc _cB |
||
| 999 |
_c27888 _d27888 |
||